| 000 | 00964nam a2200289Ia 4500 | ||
|---|---|---|---|
| 001 | Para_5718 | ||
| 003 | CHAP | ||
| 008 | 220125s2001 xx 000 0 und d | ||
| 010 | _a204148 | ||
| 040 | _cCHAP | ||
| 090 | _aPA TESIS 1608 | ||
| 100 |
_aGutíerrez Villegas, Cleopatra _951861 |
||
| 245 |
_aEtiología del moteado amarillo de la azucena (Hippeastrum x Leopoldii) en México / _c por Cleopatra Gutíerrez Villegas |
||
| 260 |
_aChapingo, Méx. : _b el autor |
||
| 300 | _a57 p. | ||
| 502 | _aTesis (Ing. Agr. Esp. en Parasitología Agrícola) -- UACh. Departamento Parasitología Agrícola | ||
| 650 |
_aFlores _x enfermedades _941375 |
||
| 650 |
_aLilium _x enfermedades _9164534 |
||
| 710 |
_aUACh. Departamento Parasitología Agrícola _9164025 |
||
| 901 | _aPA TESIS 1608 | ||
| 902 | _aM | ||
| 905 | _a0000002001 dn 0000000000 00 | ||
| 910 | _a2001 | ||
| 942 | _cPARA | ||
| 942 |
_cPARA _d2 |
||
| 999 |
_c204148 _d204148 |
||